MAASAI MARA UNIVERSITY

LIBRARY CATALOGUE

Contact Us: +254 020 2685356/7 or 0774 057787

Box: 861-20500, NAROK, KENYA

Email: info@mmarau.ac.ke

_Probability and Satistics for Engineering and the Sciences (Record no. 13526)

MARC details
000 -LEADER
fixed length control field 00453nam a2200157Ia 4500
008 - FIXED-LENGTH DATA ELEMENTS--GENERAL INFORMATION
fixed length control field 151021s9999 xx 000 0 und d
020 ## - INTERNATIONAL STANDARD BOOK NUMBER
International Standard Book Number 534372813
050 ## - LIBRARY OF CONGRESS CALL NUMBER
Classification number QA 273 D46 1999
245 ## - TITLE STATEMENT
Title _Probability and Satistics for Engineering and the Sciences
260 ## - PUBLICATION, DISTRIBUTION, ETC. (IMPRINT)
Place of publication, distribution, etc. USA Duxbury 1999
300 ## - PHYSICAL DESCRIPTION
Extent xvi,775p.
500 ## - GENERAL NOTE
General note Includes index
500 ## - GENERAL NOTE
General note Includes index
650 ## - SUBJECT ADDED ENTRY--TOPICAL TERM
Topical term or geographic name as entry element _Mathematical statistics
980 ## - EQUIVALENCE OR CROSS-REFERENCE-SERIES STATEMENT--PERSONAL NAME/TITLE [LOCAL, CANADA]
Personal name ^d20130520 05:46:27^oanne

No items available.

© 2016 Maasai Mara University.